Catàleg del Col·legi de Periodistes de Catalunya

A l'altre barri (Registre núm. 83)

000 -CABECERA
Longitud fija campo de control 00507nam a2200169 a 4500
001 - NÚMERO DE CONTROL
Número de control 83
003 - IDENTIFICADOR DEL NÚMERO DE CONTROL
Identificador del número de control CDMR
005 - FECHA Y HORA DE LA ÚLTIMA TRANSACCIÓN
Fecha y hora de la última transacción 20130312192658.0
008 - CÓDIGOS DE INFORMACIÓN DE LONGITUD FIJA
Códigos de información de longitud fija 130130s2003||||||||||||||||||||||||||||d
020 ## - NÚMERO INTERNACIONAL NORMALIZADO PARA LIBROS
Número Internacional Normalizado para Libros (ISBN) 8495483599
040 ## - FUENTE DE LA CATALOGACIÓN
Centro catalogador de origen CDMR
Lengua de catalogación cat
Centro transcriptor CPC GIRONA
100 1# - PUNTO DE ACCESO PRINCIPAL-NOMBRE DE PERSONA
Nombre de persona Sala Puig, Xevi
9 (RLIN) 81
245 10 - MENCIÓN DE TÍTULO
Título A l'altre barri
Resto del título : vint-i-cinc anys de la Font de la Pólvora, suburbi de Girona
Mención de responsabilidad, etc. Xevi Sala Puig ; pròleg d'Antoni Puigverd
260 ## - PUBLICACIÓN, DISTRIBUCIÓN, ETC. (PIE DE IMPRENTA)
Fecha de publicación, distribución, etc. 2003
Nombre del editor, distribuidor, etc. CCG
Lugar de publicación, distribución, etc. Girona
490 0# - MENCIÓN DE SERIE
Mención de serie Quaderns de les 7 sivelles
942 ## - ENTRADA DE ELEMENTOS AGREGADOS (KOHA)
Koha [por defecto] tipo de item Monografies
Fuente de clasificaión o esquema
Fons
Suprimido Perdido Fuente de clasificación o esquema Estropeado No para préstamo Código de colección Localización permanente Localización actual Fecha adquisición Préstamos totales Signatura completa Código de barras Fecha última consulta Fecha del precio de reemplazo Tipo de item de Koha
    udc     Referencia CPC Girona CPC Girona 2010-12-03   Am 97 GIRONA1311612541 2013-01-16 2013-01-16 Monografies

Implantat amb Koha